Discursos literarios y notas críticas (Registro nro. 301887)
[ vista simple ]
| 000 -ENCABEZADO | |
|---|---|
| Número de control [NR] | 01329nam a22002297a 4500 |
| 005 - FECHA Y HORA DE LA ÚLTIMA TRANSACCIÓN | |
| control field | 20151126152622.0 |
| 008 - DE LONGITUD FIJA DE DATOS DE ELEMENTOS - INFORMACIÓN GENERAL | |
| Elementos de longitud fija [NR] | 151020s1915 cl ||||fr|||| 001 0 spa d |
| 040 ## - FUENTE DE CATALOGACION [NR] | |
| Quien Cataloga | Sandra Yazo |
| Quien Clasifica | Sandra Yazo |
| 041 0# - CODIGO DE IDIOMA [R] | |
| Código de idioma para texto/pista de sonido o título separado [R] | Español |
| 082 04 - NUMERO DE CLASIFICACION DECIMAL DEWEY [R] | |
| Número de la edición [NR] | 20 |
| Número de clasificación [R] | 461 |
| 092 ## - SIGNATURA TOPOGRAFICA LOCAL | |
| Número de clasificación local | E37N133 |
| 100 1# - ASIENTO PRINCIPAL--NOMBRE PERSONAL [NR] | |
| Nombre personal [NR] | Barriga, Juan Agustín |
| Fechas asociadas con el nombre [NR] | 1857-1939 |
| ID Autoridad | 72612 |
| 245 10 - MENCION DE TITULO [NR] | |
| Título [NR] | Discursos literarios y notas críticas |
| Mención de responsabilidad, etc. [NR] | Juan Agustín Varriga |
| 260 ## - PUBLICACION, DISTRIBUCION, ETC. (PIE DE IMPRENTA) [R] | |
| Lugar de publicación, distribución, etc. [R] | Santiago de Chile (Chile) |
| Nombre del editor, distribuidor, etc. [R] | Librería de la federación de obras católicas |
| Fecha de publicación, distribución, etc. [R] | 1915 |
| 300 ## - DESCRIPCION FISICA [R] | |
| Extensión [R] | 278 páginas |
| Dimensiones [R] | 20 x 14 cm. |
| 500 ## - NOTA GENERAL [R] | |
| Nota general [NR] | Encuadernación flexible en cartulina. Tapa con datos de publicación impresa enmarcada en un recuadro. Anteportada con una anotación manuscrita. Texto en una columna. Papel con algunas manchas |
| 505 0# - NOTA DE CONTENIDO CON FORMATO PREESTABLECIDO [R] | |
| Nota de contenido con formato preestablecido [NR] | De la lengua Castellana como instrumento del arte literario (discurso) ; A propósito de Moratín ; Cantos de Calixto Oyuela ; Don Alonso de Ercilla y Zúñiga (Discurso) ; Brasil intelectual (Discurso) ; Impresión de arte: Diccionario Bibliográfico de Pintores ; El Enigma de Gioconda ; Don Marcelino Menéndez y Pelayo (Discurso) ; La biblioteca nacional de Chile (Discurso) ; Don ramón de Campoamor (Necrología) |
| 506 ## - NOTA DE RESTRICCIONES DE ACCESO [R] | |
| Condiciones de acceso [NR] | Consulta en sala |
| 650 #7 - ASIENTO SECUNDARIO DE MATERIA - TERMINO TEMATICO [R] | |
| 9 (RLIN) | 45733 |
| Término temático o nombre geográfico como elemento de entrada [NR] | Lengua española |
| 690 ## - ASUNTO AGREGADO LOCAL DE ENTRADA - TÉRMINO TEMÁTICO (OCLC, RLIN) | |
| 9 (RLIN) | 42859 |
| Acceso temático local | Literatura |
| 942 ## - ELEMENTOS DE ENTRADA AGREGADOS (KOHA) | |
| Sistema de clasificación | LOCAL |
| Tipo de ítem principal el descrito en 300a | Libro |
| Edición | 1 |
| Clasificación | E37N133 |
| Suprimido | Perdido | Sistema de clasificación | Dañado | No prestable | Tipo de ítem específico | Ubicación habitual | Ubicación actual | Localización | Fecha de creación | Forma de adquisición | Costo | Total préstamos | Signatura topográfica | Código de barras | Última vez visto | Ejemplar | Price effective from | Tipo de ítem |
|---|---|---|---|---|---|---|---|---|---|---|---|---|---|---|---|---|---|---|
| LOCAL | Libro archivo | Archivo Histórico | Archivo Histórico | Archivo histórico | 20/10/2015 | Donación | 0.00 | E37N133 | L005231 | 20/10/2015 | Ej.1 | 20/10/2015 | Libro |